Library Banner

مہر اور انکا عہد (Record no. 79543)

MARC details
000 -LEADER
fixed length control field 00522nam a22001457a 4500
005 - DATE AND TIME OF LATEST TRANSACTION
control field 20151204113740.0
008 - FIXED-LENGTH DATA ELEMENTS--GENERAL INFORMATION
fixed length control field 151204b xxu||||| |||| 00| 0 eng d
040 ## - CATALOGING SOURCE
Transcribing agency PK-LaUMT
082 ## - DEWEY DECIMAL CLASSIFICATION NUMBER
Classification number MSC 801.950904
Item number HAM-M
100 ## - MAIN ENTRY--PERSONAL NAME
Personal name حمزہ فاروقی، محمد
245 ## - TITLE STATEMENT
Title مہر اور انکا عہد
Remainder of title مولانا غلام رسول مہر کی سیاسی و صحافتی خدمات
Statement of responsibility, etc محمد حمزہ فاروقی
260 ## - PUBLICATION, DISTRIBUTION, ETC. (IMPRINT)
Place of publication, distribution, etc کراچی
Name of publisher, distributor, etc پاکستان اسٹڈی سینٹر
Date of publication, distribution, etc 2008
300 ## - PHYSICAL DESCRIPTION
Extent 314 ص
942 ## - ADDED ENTRY ELEMENTS (KOHA)
Koha item type Books
Holdings
Withdrawn status Lost status Damaged status Home library Current library Date acquired Full call number Barcode Date last seen Price effective from Koha item type
      UMT Main Campus UMT Main Campus 2015-12-04 MSC 801.950904 HAM-M 95646 2015-12-04 2015-12-04 Books